Statistics for Top 15 Cities by metro population

Click here to take the quiz!

General Stats

  • This quiz has been taken 167 times
  • The average score is 11 of 15

Answer Stats

HintAnswer% Correct
37,126,000Tokyo
98%
20,464,000New York
96%
17,311,000Beijing
92%
20,860,000Shanghai
88%
22,242,000New Delhi
80%
19,463,000Mexico City
80%
22,547,000Seoul
76%
26,063,000Jakarta
74%
16,910,000Mumbai
73%
20,186,000Sao Paulo
66%
17,816,000Cairo
63%
20,767,000Manila
55%
17,011,000Osaka
54%
16,827,000Guangzhou
54%
20,711,000Karachi
51%

Score Distribution

Percentile by Number Answered

Percent of People with Each Score

Your Score History

You have not taken this quiz